书目信息 |
| 题名: |
供用电系统
|
|
| 作者: | 王晓文 主编 | |
| 分册: | ||
| 出版信息: | 北京 中国电力出版社 2005.02 |
|
| 页数: | 196页 | |
| 开本: | 24cm | |
| 丛书名: | ||
| 单 册: | ||
| 中图分类: | TM72-43 | |
| 科图分类: | ||
| 主题词: | 供电--电力系统--高等学校--教材 , 配电系统--电力系统--高等学校--教材 | |
| 电子资源: | ||
| ISBN: | 7-5083-2073-5 | |
| 000 | 00829nam0 2200253 450 | |
| 001 | 010228567063 | |
| 005 | 20050805111642.78 | |
| 010 | @a7-5083-2073-5@dCNY20.00 | |
| 100 | @a20050719d2005 km y0chiy0120 ea | |
| 101 | 0 | @achi |
| 102 | @aCN@b110000 | |
| 105 | @aa a 000yy | |
| 200 | 1 | @a供用电系统@Agong yong dian xi tong@f王晓文主编@Fwang xiao wen zhu bian |
| 210 | @a北京@c中国电力出版社@d2005.02 | |
| 215 | @a196页@c图@d24cm | |
| 300 | @a21世纪高等学校规划教材 | |
| 320 | @a有书目 (第196页)。 | |
| 330 | @a本书系统而全面地介绍了供配电系统的基本知识,内容包括绪论、供配电网络的等值电路等。 | |
| 606 | 0 | @a供电@x电力系统@x高等学校@x教材 |
| 606 | 0 | @a配电系统@x电力系统@x高等学校@x教材 |
| 690 | @aTM72-43@v4 | |
| 701 | 0 | @a王晓文@Awang xiao wen@4主编 |
| 801 | 0 | @aCN@bQSSK@c20050805 |
| 905 | @a10447@dTM72-43@eW387 | |
| 供用电系统/王晓文主编.-北京:中国电力出版社,2005.02 |
| 196页:图;24cm |
| 21世纪高等学校规划教材 |
| ISBN 7-5083-2073-5:CNY20.00 |
| 本书系统而全面地介绍了供配电系统的基本知识,内容包括绪论、供配电网络的等值电路等。 |
| ● |
| 相关链接 |
|
|
|
正题名:供用电系统
索取号:TM72-43/W387
 
预约/预借
| 序号 | 登录号 | 条形码 | 馆藏地/架位号 | 状态 | 备注 |
| 1 | 527376 | 205273764 | 期刊室512/301自科库 12排2列3层/ [索取号:TM72-43/W387] | 在馆 | |
| 2 | 527377 | 205273773 | 自科库301/301自科库 24排1列2层/ [索取号:TM72-43/W387] | 在馆 | |
| 3 | 527378 | 205273782 | 自科库301/301自科库 17排3列4层/ [索取号:TM72-43/W387] | 在馆 |